[Event "ARG-ch"]
[Site "?"]
[Date "1991.??.??"]
[Round "11"]
[White "Mellano, Santiago"]
[Black "Soppe, Guillermo"]
[Result "0-1"]
[WhiteElo "2235"]
[BlackElo "2420"]

1.Nf3 d5 2.c4 e6 3.g3 c6 4.Qc2 Bd6 5.d4 f5 6.Bg2 Nf6 7.Bf4 Bxf4 8.gxf4 O-O
9.Ne5 Ne4 10.Nd2 Nd7 11.O-O Qh4 12.e3 Rf6 13.Nxe4 fxe4 14.f3 Nxe5 15.fxe5 Rh6
16.h3 Qg5 17.Qf2 Rxh3 18.fxe4 h5 19.Qf7+ Kh7 20.Rf3 Rxf3 21.Qxf3 Bd7 22.cxd5 cxd5
23.exd5 exd5 24.Qf4 Qg6 25.Kh1 Be6 26.Rg1 Qh6 27.Qf3 Rc8 28.Bf1 Bg4 29.Bd3+ Kh8
30.Qf2 Kg8 31.Rf1 Be6 32.Qf4 Qxf4 33.exf4 Bg4 34.f5 Kf7 35.Kh2 Rc6 36.Kg3 Ke7
37.Kh4 Rb6 38.Kg5 Rxb2 39.f6+ gxf6+ 40.exf6+ Kf8 41.Bg6 Rg2 42.Kh6 h4 43.Rb1 b6
44.Rc1 h3 45.Rc7 h2 46.Rf7+ Ke8 47.Rh7+ Kd8 48.Kg7 Bf5 49.Rxh2 Rxg6+ 50.Kf7 Rg4
51.Rh8+ Kd7 52.Ra8 Be6+  0-1

[Event "Asuncion"]
[Site "Asuncion"]
[Date "1991.??.??"]
[Round "1"]
[White "Valiente, Cristobal"]
[Black "Salazar, Hernan"]
[Result "1/2-1/2"]
[WhiteElo "2370"]
[BlackElo "2390"]

1.Nf3 d5 2.c4 e6 3.d4 c5 4.e3 Nf6 5.Nc3 Nc6 6.cxd5 exd5 7.Be2 cxd4 8.Nxd4 Bd6
9.O-O O-O 10.Nf3 a6 11.b3 Re8 12.Bb2 Bc7 13.Rc1 Qd6 14.g3 Bh3 15.Re1 Rad8
16.a3 Bb6 17.Na4 Ba7 18.Bxf6 Qxf6 19.Nc5 d4 20.Nxd4 Nxd4 21.exd4 Rxd4 22.Bf1 Red8
23.Qe2 Bxc5 24.Rxc5 Be6 25.Rc7 R4d7 26.Rxd7 Rxd7 27.Bh3 Rd6 28.Bxe6  1/2-1/2

[Event "Athens"]
[Site "Athens"]
[Date "1991.??.??"]
[Round "1"]
[White "Skalkotas, Nikolaos"]
[Black "Andrianov, Nikolai"]
[Result "0-1"]
[WhiteElo "2300"]
[BlackElo "2445"]

1.Nf3 d5 2.c4 d4 3.b4 c5 4.Bb2 Nf6 5.g3 a5 6.bxc5 Nc6 7.e3 e5 8.exd4 exd4
9.Qe2+ Be7 10.Ne5 O-O 11.Nxc6 bxc6 12.Bg2 Bxc5 13.O-O Re8 14.Qf3 Bg4 15.Qxc6 Rc8
16.Qa4 Be2 17.Na3 d3 18.Nb5 Bxf1 19.Rxf1 Ng4 20.Ba3 Bxf2+ 21.Rxf2 Nxf2 22.Nd6 Qb6
23.c5 Qb1+ 24.Kxf2 Qe1+ 25.Kf3 Qe2+ 26.Kf4 Qxd2+ 27.Kg4 Qxg2  0-1

[Event "Athens"]
[Site "Athens"]
[Date "1991.??.??"]
[Round "3"]
[White "Grivas, Efstratios"]
[Black "Radulov, Ivan"]
[Result "1-0"]
[WhiteElo "2425"]
[BlackElo "2405"]

1.Nf3 d5 2.c4 c6 3.e3 Nf6 4.Nc3 g6 5.d4 Bg7 6.Bd3 O-O 7.O-O Nbd7 8.h3 e6
9.b3 b6 10.a4 a5 11.cxd5 exd5 12.Ba3 Re8 13.Rc1 Bb7 14.Rc2 Ne4 15.Qb1 f5
16.Rfc1 Qf6 17.Nxd5 cxd5 18.Rc7 Bc8 19.Bb5 Qe6 20.R1c6 Qf7 21.Rc2 Bf8 22.Bxf8 Kxf8
23.Qc1 Nd6 24.Bc6 Rb8 25.Qa3 Qe7 26.Ne5 Rd8 27.Bxd5 Ne8 28.Qxe7+ Kxe7 29.Ra7 Kd6
30.Nf7+ Kxd5 31.Nxd8 Ndf6 32.Nc6 Rb7 33.Ne7+ Rxe7 34.Rxe7 Bd7 35.f3 Kd6 36.Rf7 Ke6
37.Rf8 Ke7 38.Rh8 Kf7 39.Rb2 Kg7 40.Rxe8 Bxe8 41.Kf2 Nd5 42.Rc2 Bd7 43.e4 fxe4
44.fxe4 Nf6 45.Re2 Kf7 46.d5 b5 47.Ke3 bxa4 48.bxa4 Ne8 49.e5 Nc7 50.e6+ Nxe6
51.dxe6+ Kxe6 52.Kf4+ Kf6 53.Re5 Bxa4 54.Rxa5 Bc2 55.g4 h6 56.h4 Ke6 57.Ra6+ Kf7
58.g5 hxg5+ 59.hxg5 Bd3 60.Rb6  1-0

[Event "Augsburg"]
[Site "Augsburg"]
[Date "1991.??.??"]
[Round "3"]
[White "Schulz, Karsten"]
[Black "Dankert, Peter"]
[Result "1-0"]
[WhiteElo "2375"]
[BlackElo "2230"]

1.Nf3 d5 2.c4 e6 3.g3 Nf6 4.Bg2 Be7 5.O-O O-O 6.b3 c5 7.Bb2 Nc6 8.e3 b6 9.Nc3 Bb7
10.cxd5 exd5 11.d4 Re8 12.Ne5 Nb8 13.Rc1 Na6 14.Re1 Nc7 15.Na4 Ne6 16.dxc5 Nxc5
17.Nxc5 Bxc5 18.Ng4 Nxg4 19.Qxg4 Bf8 20.Red1 Qd6 21.Rd4 Qe6 22.Qd1 Rac8 23.Rxc8 Bxc8
24.Bxd5 Qg6 25.Rf4 Be6 26.Bxe6 Qxe6 27.Rd4 h6 28.Rd7 a5 29.Qd5 Bc5 30.Qxe6 Rxe6
31.Kf1 Kf8 32.Ke2 h5 33.Kd3 Ke8 34.Rd5 g6 35.Re5 Rxe5 36.Bxe5 Kd7 37.Bd4 Kc6
38.Bxc5 Kxc5 39.a3  1-0

[Event "Augsburg"]
[Site "Augsburg"]
[Date "1991.??.??"]
[Round "7"]
[White "Zlochevskij, Alexander"]
[Black "Dankert, Peter"]
[Result "1-0"]
[WhiteElo "2440"]
[BlackElo "2230"]

1.Nf3 d5 2.c4 e6 3.d4 c5 4.cxd5 exd5 5.Bg5 Be7 6.Bxe7 Nxe7 7.dxc5 Qa5+ 8.Nc3 Nbc6
9.e3 Qxc5 10.Be2 O-O 11.O-O Be6 12.Qd2 Rfd8 13.Rfd1 Nf5 14.Nb5 Qe7 15.h3 Rac8
16.Nbd4 Nd6 17.Bd3 Qf6 18.Rac1 Bd7 19.Nxc6 bxc6 20.Qc3 Qxc3 21.Rxc3 Rb8 22.b3 Rb6
23.Ne5 Be8 24.Rdc1 Rc8 25.Rc5 f6 26.Nf3 Bd7 27.Ra5 a6 28.Nd2 Re8 29.Nb1 Nb5
30.Nc3 Nxc3 31.Rxc3 Bc8 32.a3 g6 33.b4 Kf7 34.Bc2 Ke7 35.Ba4 Kd6 36.Rd3 Bd7
37.Bb3 Re7 38.g4 f5 39.f3 Kc7 40.Kf2 fxg4 41.hxg4 h5 42.gxh5 gxh5 43.Rd4 Kb7
44.Ba4 Rh7 45.Rh4 Rh6 46.Rc5 Kc7 47.Bd1 Kd6 48.Be2 Rb8 49.f4 Re8 50.Rxh5 Rhe6
51.Bg4 Rxe3 52.Rh6+ Kc7 53.Bxd7 Kxd7 54.Rcxc6 Re2+ 55.Kg3 R2e3+ 56.Kh4 Rxa3
57.Rcd6+ Kc7 58.Rxd5 Ra1 59.Kg5 Rg8+ 60.Kf5 Rf8+ 61.Rf6 Rxf6+ 62.Kxf6 Ra4
63.f5 Rxb4 64.Kg5 Kc6 65.Ra5 Kd7 66.Kf6 Rb6+ 67.Kg7 Rb1 68.Rxa6 Rf1 69.f6 Rg1+
70.Kf8 Rg6 71.Ra7+ Kd8 72.f7 Rg1 73.Ra4 Kd7 74.Rd4+ Kc8 75.Rd5  1-0

[Event "URS Spartakiada (Women)"]
[Site "Azov"]
[Date "1991.??.??"]
[Round "7"]
[White "Rubzova, Tatiana"]
[Black "Aslanian, Ludmila K"]
[Result "1/2-1/2"]
[WhiteElo "2240"]
[BlackElo "2165"]

1.Nf3 d5 2.c4 dxc4 3.Na3 c5 4.Nxc4 Nf6 5.g3 Nc6 6.Bg2 g6 7.b3 Bg7 8.Bb2 O-O
9.O-O Be6 10.d3 Rc8 11.Qd2 b6 12.Rac1 h6 13.Rfd1 Kh7 14.e3 b5 15.Na3 Qb6
16.Qe2 a6 17.d4 cxd4 18.Nxd4 Nxd4 19.Bxd4 Qa5 20.Qb2 Rxc1 21.Rxc1 Rc8 22.Rxc8 Bxc8
23.b4 Qc7 24.Qc2 Ne8 25.Qxc7 Nxc7 26.Bxg7 Kxg7 27.Nb1 e5 28.Nc3 Be6 29.a3 f5
30.Bb7 Kf6 31.Kf1 Bc4+ 32.Ke1 Ke6 33.Kd2 Kd6 34.f4 Bb3 35.e4 Be6 36.Ke3 Bb3
37.h3 Be6 38.h4 Bd7 39.Nd5 exf4+ 40.gxf4 fxe4 41.Nxc7 Kxc7 42.Bxe4 Be8 43.Kd4 Kd6
44.Bb7 Bd7 45.Bxa6 Kc6 46.a4 bxa4 47.Bc4 Kd6 48.Bf7 Bf5 49.Kc4 Ke7 50.Bd5 Kd6
51.Bg8 Bc2 52.Kc3 Bf5 53.Bc4 Kc6 54.Kb2 h5 55.Bf7 Kd7 56.Ka3 Bc2 57.b5 Ke7
58.Bc4 Kd6 59.Kb4 a3 60.Kxa3 Kc5 61.Bf1 Be4 62.Ka4 Kd4 63.Ka5 Ke3 64.b6 Kxf4
65.Bd3 Bb7 66.Bxg6 Kg3 67.Kb5 Kxh4 68.Be8 Kg5 69.Bc6 Bc8 70.Kc5 h4 71.Bd7 Bb7
72.Kd6 Kf4 73.Kc7 Bf3 74.Bc6 h3 75.b7 h2 76.Bxf3 Kxf3 77.b8=Q Kg2  1/2-1/2

[Event "Wch Seniors"]
[Site "Bad Woerishofen"]
[Date "1991.??.??"]
[Round "6"]
[White "Suetin, Alexey S"]
[Black "Hausner, Alfreda"]
[Result "1-0"]
[WhiteElo "2405"]
[BlackElo "2010"]

1.Nf3 d5 2.c4 c6 3.d4 Nf6 4.Qc2 e6 5.Bg5 Be7 6.e3 Nbd7 7.Nc3 O-O 8.a3 a5
9.h3 Re8 10.Bd3 h6 11.Bf4 Nf8 12.O-O Bd6 13.c5 Bxf4 14.exf4 Nh5 15.g3 f5
16.Ne5 Re7 17.Qd2 Qe8 18.g4 Nf6 19.f3 N6d7 20.Ne2 Nxe5 21.fxe5 Bd7 22.Ng3 Rf7
23.f4 g6 24.Rf2 Qd8 25.Rg2 Rg7 26.Qf2 Qe7 27.Kh1 Kh8 28.Ne2 Be8 29.Rag1 Bd7
30.h4 Qf7 31.gxf5 exf5 32.h5 Kh7 33.Qh4 Re8 34.Qf6 g5 35.Qxf7 Rxf7 36.fxg5  1-0

[Event "Baden-Baden op"]
[Site "Baden-Baden"]
[Date "1991.??.??"]
[Round "3"]
[White "Espig, Lutz"]
[Black "Servaty, Rudolf"]
[Result "1-0"]
[WhiteElo "2430"]
[BlackElo "2295"]

1.Nf3 d5 2.c4 c6 3.d4 Nf6 4.cxd5 cxd5 5.Nc3 Nc6 6.Bf4 e6 7.e3 a6 8.Bd3 Bd6
9.Bg3 O-O 10.Ne5 Qe7 11.O-O Bxe5 12.dxe5 Nd7 13.f4 f5 14.exf6 Nxf6 15.Rc1 Bd7
16.Bh4 Qd6 17.Bb1 Qb4 18.e4 Rf7 19.exd5 Nxd5 20.Nxd5 exd5 21.Qxd5 Qd4+ 22.Qxd4 Nxd4
23.Rc7 Raf8 24.Bd3 b5 25.Ra7 Be6 26.Rxa6 Bc4 27.Bxc4 bxc4 28.h3 Ne2+ 29.Kh2 Nxf4
30.Rc6 Nd3 31.Rxf7 Rxf7 32.Rxc4 Nxb2 33.Rc8+ Rf8 34.Rxf8+ Kxf8 35.Kg3 Kf7
36.Kf4 Ke6 37.Ke4 Kd6 38.Bg3+  1-0

[Event "Baden-Baden op"]
[Site "Baden-Baden"]
[Date "1991.??.??"]
[Round "5"]
[White "Espig, Lutz"]
[Black "Weidemann, Joerg"]
[Result "1/2-1/2"]
[WhiteElo "2430"]
[BlackElo "2315"]

1.Nf3 d5 2.c4 e6 3.g3 c6 4.Qc2 Be7 5.d4 f5 6.Bg2 Nf6 7.O-O O-O 8.b3 Ne4 9.Ba3 Bxa3
10.Nxa3 Qe7 11.Qb2 Nd7 12.Rad1 b6 13.Ne5 Nxe5 14.dxe5 Bb7 15.e3 Rfd8 16.f3 Ng5
17.Rd4 Rd7 18.Rfd1 Rad8 19.Kf2 c5 20.R4d2 a6 21.Nc2 dxc4 22.Ne1 cxb3 23.axb3 Rxd2+
24.Rxd2 Rxd2+ 25.Qxd2 Bd5 26.Qc3 Qb7 27.h4 Nf7 28.Nd3 Qc7 29.e4 fxe4 30.fxe4 Bb7
31.Ke3 Qe7 32.Nf4 Nd8 33.Bh3 Bc8 34.b4 Bd7 35.Nd3 cxb4 36.Qc7 b3 37.Qxb6 Bb5
38.Kd2 Kf8 39.Nc5 g5 40.Kc3 gxh4 41.gxh4 Qxh4 42.Qd6+ Ke8 43.Bxe6 Qe1+ 44.Kb2 Qe2+
45.Kxb3 Qe3+ 46.Kb2 Qe2+ 47.Ka3 Qf3+ 48.Kb2 Qe2+  1/2-1/2

[Event "Belgorod"]
[Site "Belgorod"]
[Date "1991.??.??"]
[Round "?"]
[White "Sorokin, Maxim"]
[Black "Yakovich, Yuri"]
[Result "1-0"]
[WhiteElo "2500"]
[BlackElo "2530"]

1.Nf3 d5 2.c4 dxc4 3.Qa4+ Nd7 4.g3 e6 5.Bg2 a6 6.Nc3 Nf6 7.O-O c5 8.Qxc4 b5
9.Qb3 c4 10.Qc2 Bb7 11.d3 Rc8 12.Rd1 cxd3 13.Qxd3 b4 14.Nb1 Bc5 15.Be3 O-O
16.Nbd2 Qe7 17.Nb3 Bxe3 18.Qxe3 Nc5 19.Ne5 Bxg2 20.Kxg2 Nce4 21.Nd3 Nd5 22.Qxe4 Rc2
23.Rac1 Rfc8 24.Rxc2 Rxc2 25.Nxb4  1-0

[Event "Belgrade op"]
[Site "Belgrade"]
[Date "1991.??.??"]
[Round "?"]
[White "Andonov, Bogomil"]
[Black "Pantaleev, Dimitar"]
[Result "1-0"]
[WhiteElo "2365"]
[BlackElo "2285"]

1.Nf3 d5 2.c4 dxc4 3.Qa4+ Nc6 4.Ne5 Qd6 5.Nxc4 Qb4 6.Qxb4 Nxb4 7.Ne3 c5 8.g3 Bd7
9.Bg2 Bc6 10.O-O Nf6 11.Nc3 g6 12.d3 Bg7 13.Bd2 e6 14.Rab1 Bxg2 15.Kxg2 O-O
16.a3 Nbd5 17.Nexd5 exd5 18.Bg5 Rfd8 19.e4 dxe4 20.dxe4 Rd3 21.Rbd1 Rxc3
22.bxc3 Nxe4 23.Rd8+ Rxd8 24.Bxd8 Bxc3 25.Rb1 b6 26.Bc7 Bd2 27.Bb8 c4 28.Bxa7 c3
29.Rxb6 c2 30.Rb8+ Kg7 31.Bd4+ Kh6 32.Bb2 c1=Q 33.Bxc1 Bxc1 34.a4 Bd2 35.Rd8  1-0

[Event "Belgrade op"]
[Site "Belgrade"]
[Date "1991.??.??"]
[Round "?"]
[White "Vukanovic, Sasa"]
[Black "Nestorovic, Dejan"]
[Result "0-1"]
[WhiteElo "2255"]
[BlackElo "2330"]

1.Nf3 d5 2.c4 d4 3.g3 Nc6 4.Bg2 e5 5.O-O a5 6.d3 Nf6 7.e3 Be7 8.exd4 exd4
9.Na3 O-O 10.Nb5 Bg4 11.h3 Bxf3 12.Qxf3 Nd7 13.Bf4 Rc8 14.h4 Nc5 15.Bh3 f5
16.a3 h6 17.Rae1 g5 18.hxg5 hxg5 19.Bc1 Qd7 20.Qd5+ Rf7 21.Bg2 Rd8 22.Qxd7 Rxd7
23.Bd5 Nxd3 24.Re2 a4 25.Rd2 Nce5 26.f4 Nxc1 27.fxe5 Nb3 28.e6 Nxd2 29.exd7 Nxf1
30.Kxf1 c6 31.Bxf7+ Kxf7 32.Nxd4 Kf6 33.Ke2 Ke5 34.Kd3 Bf6 35.c5 f4 36.g4 Kd5
37.b4 axb3 38.Nxb3 Ke6 39.Na5 Kxd7 40.Nxb7 Bd8 41.Ke4 Bc7 42.a4 Kc8  0-1

[Event "Belgrade-A"]
[Site "Belgrade"]
[Date "1991.??.??"]
[Round "9"]
[White "Marinkovic, Ivan"]
[Black "Simic, Radoslav"]
[Result "0-1"]
[WhiteElo "2455"]
[BlackElo "2485"]

1.Nf3 d5 2.c4 c6 3.Qa4 e6 4.g3 Nf6 5.Bg2 Nbd7 6.Qc2 Be7 7.O-O O-O 8.b3 b6
9.d3 Bb7 10.Nbd2 c5 11.e4 Qc7 12.Re1 Bd6 13.cxd5 exd5 14.exd5 Bxd5 15.Bb2 Rfe8
16.Ne4 Nxe4 17.dxe4 Bb7 18.Rad1 Ne5 19.Nh4 Rad8 20.Nf5 Bf8 21.Ne3 Qc8 22.Rxd8 Qxd8
23.Rd1 Qc8 24.h3 Nc6 25.Qb1 Rd8 26.Nd5 Re8 27.a3 Nd4 28.Qd3 Bxd5 29.exd5 Nf5
30.Bf3 Nd6 31.Kg2 c4 32.bxc4 Qxc4 33.Bc1 b5 34.Be3 a5 35.Qb1 Qc7 36.Bf4 Qc5
37.Qa2 a4 38.Bxd6 Bxd6 39.Rb1 Rb8 40.Qe2 g6 41.h4 Qxa3 42.Rxb5 Rxb5 43.Qxb5 Qb4
44.Qxb4 Bxb4 45.d6 Bxd6 46.h5 a3 47.Bd5 gxh5 48.Kh3 Be7 49.Kg2 Kg7 50.Kf3 f5
51.Ke3 h4 52.gxh4 Bxh4  0-1

[Event "Belgrade-C"]
[Site "Belgrade"]
[Date "1991.??.??"]
[Round "11"]
[White "Ciric, Dragoljub M"]
[Black "Marinkovic, Ivan"]
[Result "1-0"]
[WhiteElo "2380"]
[BlackElo "2455"]

1.Nf3 d5 2.c4 e6 3.g3 Nf6 4.Bg2 Be7 5.O-O O-O 6.b3 c5 7.Bb2 Nc6 8.cxd5 Nxd5
9.Nc3 Nxc3 10.Bxc3 Nd4 11.Rc1 Rb8 12.e3 Nxf3+ 13.Qxf3 b6 14.Rfd1 Bb7 15.Qg4 Bf6
16.Bxf6 Qxf6 17.d4 Bxg2 18.Kxg2 cxd4 19.Qxd4 Rfd8 20.Qxf6 gxf6 21.Rxd8+ Rxd8
22.Rc7 a5 23.Rc6 Rb8 24.Kf3 Kf8 25.Ke2 Ke8 26.Rc7 Rd8 27.Rb7 Rd6 28.e4 Kf8
29.h4 Kg7 30.Ke3 e5 31.Rb8 h6 32.h5 Kh7 33.Rb7 Kg7 34.Rc7 Rd4 35.Rb7 Rb4
36.Ra7 Rd4 37.Ra6 Rd6 38.a3 Kf8 39.Ra8+ Ke7 40.Rh8 Rd1 41.Rxh6 Rb1 42.Rh8 Rxb3+
43.Ke2 f5 44.exf5 Kf6 45.h6 Kg5 46.h7 Kh6 47.f6 Rxa3 48.g4 Ra1 49.g5+ Kg6
50.Rf8 Kxh7 51.Rxf7+ Kg8 52.g6 Rg1 53.Rg7+ Kf8 54.Kf3 a4 55.Ke4 a3 56.Kf5 a2
57.Rb7  1-0

[Event "Bern op"]
[Site "Bern"]
[Date "1991.??.??"]
[Round "7"]
[White "Wojtkiewicz, Aleksander"]
[Black "Martinidesz, Denes"]
[Result "1/2-1/2"]
[WhiteElo "2540"]
[BlackElo "2310"]

1.Nf3 d5 2.c4 c6 3.d4 dxc4 4.e3 b5 5.a4 e6 6.axb5 cxb5 7.b3 Nf6 8.bxc4 bxc4
9.Bxc4 Bd6 10.O-O O-O 11.Nbd2 a5 12.e4 Bb4 13.Ba3 Bb7 14.Bxb4 axb4 15.Bd3 Nc6
16.Nb3 h6 17.Rxa8 Qxa8 18.Qc2 Rd8 19.Ra1 Qc8 20.Qc5 Nxd4 21.Nfxd4 Qxc5 22.Nxc5 Rxd4  1/2-1/2

[Event "Biel op"]
[Site "Biel"]
[Date "1991.??.??"]
[Round "7"]
[White "Sturua, Zurab"]
[Black "Flear, Glenn C"]
[Result "1-0"]
[WhiteElo "2510"]
[BlackElo "2515"]

1.Nf3 d5 2.c4 d4 3.e3 Nc6 4.exd4 Nxd4 5.Nxd4 Qxd4 6.d3 e5 7.Nc3 Ne7 8.Be2 Nf5
9.O-O Be6 10.Ne4 Be7 11.Bd2 Qd7 12.Bc3 Nd4 13.Re1 O-O 14.Bf1 Rad8 15.b4 b6
16.a4 Bg4 17.Qb1 f5 18.Nd2 Bf6 19.Qb2 Rfe8 20.a5 Qf7 21.axb6 axb6 22.Ra7 Nc6
23.Ra2 Qg6 24.Qb1 Bh4 25.g3 Bg5 26.Bg2 Bxd2 27.Rxd2 Nd4 28.Bxd4 Rxd4 29.Ra2 f4
30.Be4 Bf5 31.Rae2 f3 32.Re3 Bxe4 33.Rxe4 Red8 34.Rxd4 Rxd4 35.Re3 Qd6 36.h4 e4
37.Rxe4 Rxd3 38.Qa2 Rd1+ 39.Kh2 h5 40.Qa8+ Kh7 41.Re8 Kg6 42.Qe4+ Kf7 43.Rh8  1-0

[Event "POL-chB"]
[Site "Bielsko-Biala"]
[Date "1991.??.??"]
[Round "11"]
[White "Czerwonski, Aleksander"]
[Black "Przewoznik, Jan"]
[Result "1/2-1/2"]
[WhiteElo "2370"]
[BlackElo "2395"]

1.Nf3 d5 2.c4 c6 3.d4 e6 4.Nc3 Nf6 5.Bg5 Be7 6.e3 Nbd7 7.Rc1 O-O 8.Bd3 dxc4
9.Bxc4 Nd5 10.Bxe7 Qxe7 11.O-O Nxc3 12.Rxc3 e5 13.dxe5 Nxe5 14.Nxe5  1/2-1/2

[Event "CSR-ch"]
[Site "Bratislava"]
[Date "1991.??.??"]
[Round "9"]
[White "Jirovsky, Milos"]
[Black "Priehoda, Vitezslav"]
[Result "1-0"]
[WhiteElo "2305"]
[BlackElo "2365"]

1.Nf3 d5 2.c4 c6 3.b3 Bg4 4.Bb2 Nd7 5.e3 Ngf6 6.Be2 e6 7.O-O Bd6 8.Nc3 O-O
9.Rc1 Qe7 10.h3 Bh5 11.d3 Rad8 12.Rc2 h6 13.Qa1 Rfe8 14.Rd1 Bg6 15.Bf1 dxc4
16.bxc4 e5 17.Nd2 Nc5 18.Nb3 Nxb3 19.axb3 Bb8 20.Rcd2 Qc7 21.g3 Bh5 22.Be2 Bxe2
23.Nxe2 h5 24.e4 h4 25.Kg2 a6 26.Bc3 Qe7 27.Ng1 hxg3 28.fxg3 Bd6 29.Nf3 Bb4
30.Bxb4 Qxb4 31.Qb2 Qe7 32.Rf1 Nh5 33.Kh2 Rd6 34.g4 Nf6 35.Qc2 Nh7 36.Rdf2 Red8
37.Qb2 f6 38.g5 Rxd3 39.gxf6 gxf6 40.Nh4 Qb4 41.Rg2+ Ng5 42.Nf3 Rxf3 43.Rxf3 Rd2
44.Qc3 Qxc3 45.Rxc3 Rxg2+ 46.Kxg2 Nxe4 47.Rd3 a5 48.Rd8+ Kf7 49.Rd7+ Ke6
50.Rxb7 Nc5 51.Rb8 f5 52.h4 Nd3 53.Kf3 f4 54.Rf8 Nc5 55.h5 Nd7 56.Ra8 Kf5
57.Rxa5 c5 58.h6 e4+ 59.Ke2 Nf6 60.Rxc5+ Kg4 61.Rc6  1-0

[Event "CSR-ch"]
[Site "Bratislava"]
[Date "1991.??.??"]
[Round "9"]
[White "Sarkozy, Ladislav"]
[Black "Polak, Tomas"]
[Result "0-1"]
[WhiteElo "2300"]
[BlackElo "2330"]

1.Nf3 d5 2.c4 c6 3.b3 Nf6 4.g3 Bg4 5.Bg2 Nbd7 6.Bb2 e6 7.O-O Be7 8.d3 O-O
9.Nbd2 a5 10.a3 b5 11.cxb5 cxb5 12.Rc1 Rc8 13.Rxc8 Qxc8 14.Nd4 Qb7 15.N2f3 Rc8
16.Qd2 b4 17.a4 Ne8 18.h3 Bxf3 19.Nxf3 Nd6 20.Rc1 Bf6 21.d4 Ne4 22.Rxc8+ Qxc8
23.Qc1 Qxc1+ 24.Bxc1 Kf8 25.Bf4 Ke8 26.Kf1 g5 27.Be3 h5 28.Ke1 Be7 29.Nd2 Nd6
30.Bf3 h4 31.g4 Nb8 32.Bg2 Nc6 33.Nf3 f6 34.Nd2 Kd7 35.f3 Bd8 36.f4 gxf4
37.Bf2 f5 38.Nf3 fxg4 39.hxg4 Ne4 40.Ne5+ Nxe5 41.dxe5 Kc6 42.e3 fxe3 43.Bxe3 Bg5
44.Ke2 Bxe3 45.Kxe3 Nc5 46.g5 Kd7 47.Kf4 Ke7  0-1

[Event "Mitropa-Cup"]
[Site "Brno"]
[Date "1991.??.??"]
[Round "3"]
[White "Jirovsky, Milos"]
[Black "Somlai, Laszlo"]
[Result "1/2-1/2"]
[WhiteElo "2310"]
[BlackElo "2375"]

1.Nf3 d5 2.c4 c6 3.d4 Nf6 4.Nc3 e6 5.Bg5 dxc4 6.e4 b5 7.e5 h6 8.Bh4 g5 9.Nxg5 hxg5
10.Bxg5 Be7 11.exf6 Bxf6 12.Bxf6 Qxf6 13.g3 Na6 14.Bg2 Bb7 15.Nxb5 O-O-O
16.Qa4 cxb5 17.Bxb7+ Kxb7 18.Qxb5+ Ka8 19.Qc6+ Kb8 20.Qb5+ Ka8 21.Qc6+ Kb8  1/2-1/2

[Event "Bucharest (Women)"]
[Site "Bucharest"]
[Date "1991.??.??"]
[Round "?"]
[White "Voronova, Tatiana"]
[Black "Marin Ionescu, Luiza"]
[Result "1-0"]
[WhiteElo "2200"]
[BlackElo "2125"]

1.Nf3 d5 2.c4 e6 3.b3 Nf6 4.Bb2 Be7 5.g3 O-O 6.Bg2 c5 7.O-O d4 8.d3 Nc6 9.e3 e5
10.exd4 cxd4 11.Re1 Nd7 12.Na3 f6 13.Nc2 Nc5 14.Ba3 a5 15.Bxc5 Bxc5 16.a3 Re8
17.Nh4 Be6 18.Qd2 Be7 19.f4 Qd6 20.f5 Bf7 21.Be4 Reb8 22.Qg2 Ra6 23.a4 Rb6
24.Reb1 Nb4 25.Na3 Na6 26.Nb5 Qd8 27.Nf3 Bb4 28.Ra2 Qe7 29.Re2 Nc7 30.g4 Nxb5
31.axb5 Bc3 32.Ra2 Kh8 33.Nh4 Rg8 34.Bd5 Bxd5 35.Ng6+  1-0

[Event "Spring op"]
[Site "Budapest"]
[Date "1991.??.??"]
[Round "3"]
[White "Mijailovic, Zoran"]
[Black "Fogarasi, Tibor"]
[Result "0-1"]
[WhiteElo "2330"]
[BlackElo "2410"]

1.Nf3 d5 2.c4 e6 3.b3 Nf6 4.Bb2 Be7 5.e3 O-O 6.Be2 c5 7.O-O Nc6 8.cxd5 Nxd5
9.a3 b6 10.Qc2 Bb7 11.d3 Rc8 12.Nbd2 Bf6 13.Rac1 Bxb2 14.Qxb2 Qf6 15.Qxf6 Nxf6
16.Rc2 Rfd8 17.Nc4 Nd5 18.Rfc1 f6 19.h3 Kf7 20.Ne1 e5 21.Bg4 Rc7 22.Nd2 g6
23.Bf3 f5 24.b4 cxb4 25.Bxd5+ Rxd5 26.axb4 Ke7 27.Ndf3 Rc8 28.g4 e4 29.dxe4 fxe4
30.Nd2 Nxb4 31.Rxc8 Bxc8 32.Nxe4 Bd7 33.Nf3 a5 34.Nd4 Nd3 35.Ra1 a4 36.Ra3 Ne5
37.Nc3 Ra5 38.Nc2 b5 39.Nb4 Nc4 40.Ra1 Ra8 41.Rd1 Nb6 42.e4 a3 43.f3 Rc8
44.Rd3 Be6 45.Kf2 g5 46.Kg3 Bc4 47.Rd2 Ke6 48.h4 h6 49.hxg5 hxg5 50.f4 gxf4+
51.Kxf4 Rf8+ 52.Kg3 Rf1 53.Nc6 Na4 54.Nd4+ Ke5 55.Ncxb5 a2 56.Nc6+ Kf6 57.Rd6+ Kg5
58.Ne5 Rg1+ 59.Kf3 Be2+ 60.Kxe2 a1=Q 61.Rg6+ Kf4 62.Nd3+ Kg3 63.Ke3 Nb2 64.Nd6 Nd1+  0-1

[Event "Spring op"]
[Site "Budapest"]
[Date "1991.??.??"]
[Round "4"]
[White "Vukanovic, Sasa"]
[Black "O'Donnell, Tom"]
[Result "1/2-1/2"]
[WhiteElo "2255"]
[BlackElo "2375"]

1.Nf3 d5 2.c4 e6 3.g3 Nf6 4.Bg2 Be7 5.O-O O-O 6.d4 c6 7.Qc2 b6 8.Nbd2 Bb7
9.e4 Na6 10.Rd1 Qc7 11.b3 Rfd8 12.Bb2 Nb4 13.Qb1 dxe4 14.Nxe4 c5 15.Nc3 cxd4
16.Nxd4 Bxg2 17.Kxg2 Rd7 18.a3 Na6 19.Qc2 Rad8 20.Nf3 Qc6 21.Rxd7 Rxd7 22.Rd1 Nc5
23.b4 g5 24.h3 h5 25.g4 hxg4 26.hxg4 Rxd1 27.Nxd1 Ncd7 28.Ne3 Bd6 29.Qd1 Bf4
30.Bxf6 Nxf6 31.Qd8+ Kg7 32.Qd4 Kg6 33.b5 Qb7 34.c5 bxc5 35.Qxc5 Nd7 36.Qc6 Qxc6
37.bxc6 Nb8 38.Nd4 Kf6 39.Kf3 Ke7 40.Nc4 Bc7 41.Ke4 a6 42.a4 f6 43.Ne3 Kd6
44.Nc4+ Ke7 45.Ne3 Kd6  1/2-1/2

[Event "Spring op"]
[Site "Budapest"]
[Date "1991.??.??"]
[Round "5"]
[White "Mijailovic, Zoran"]
[Black "Baburin, Alexander"]
[Result "0-1"]
[WhiteElo "2330"]
[BlackElo "2470"]

1.Nf3 d5 2.c4 e6 3.d4 Nf6 4.Nc3 dxc4 5.e3 a6 6.Bxc4 c5 7.a3 b5 8.Ba2 Bb7
9.dxc5 Qxd1+ 10.Kxd1 Bxc5 11.b4 Bd6 12.Bb2 Nbd7 13.Ke2 Ke7 14.Rac1 Nb6 15.Nd4 Rhc8
16.f3 Rc7 17.e4 Rac8 18.Ke3 Nfd7 19.Nce2 Ne5 20.Rxc7+ Bxc7 21.Bc1 Nbc4+ 22.Bxc4 Nxc4+
23.Kf2 Bb6 24.Kg3 Rd8 25.Rd1 g6 26.e5 Nxe5 27.Bg5+ f6 28.Bc1 Nc4 29.f4 Rd5
30.h3 e5 31.fxe5 fxe5  0-1

[Event "Cansys IM-A"]
[Site "Budapest"]
[Date "1991.??.??"]
[Round "8"]
[White "Arsovic, Goran"]
[Black "Barsov, Alexei"]
[Result "1/2-1/2"]
[WhiteElo "2340"]
[BlackElo "2425"]

1.Nf3 d5 2.c4 e6 3.d4 Nf6 4.Nc3 Be7 5.Bg5 h6 6.Bh4 O-O 7.e3 b6 8.Qb3 Bb7
9.Bxf6 Bxf6 10.cxd5 exd5 11.Rd1 Re8 12.Bd3 c5 13.dxc5 Nd7 14.c6 Bxc6 15.O-O Nc5
16.Qa3 Rc8 17.Nb5 Nxd3 18.Qxd3 Bxb5 19.Qxb5 Rc5 20.Qb3 Qc8 21.h3 Rc2 22.Nd4 Rc4
23.Nf3 Rc2 24.Nd4 Rc4 25.Nf3  1/2-1/2

[Event "Schneider mem op"]
[Site "Budapest"]
[Date "1991.??.??"]
[Round "9"]
[White "Stajcic, Nikola"]
[Black "Almasi, Istvan"]
[Result "1/2-1/2"]
[WhiteElo "2345"]
[BlackElo "2280"]

1.Nf3 d5 2.c4 e6 3.g3 Nf6 4.Bg2 Be7 5.O-O O-O 6.d4 Nbd7 7.Nbd2 c5 8.cxd5 Nxd5
9.e4 N5f6 10.Re1 cxd4 11.Nxd4 Nc5 12.Nc4 Bd7 13.Bf4 Ne8 14.Rc1 Rc8 15.Qe2 g5
16.Be3 f6 17.Red1 Nc7 18.b4 N5a6 19.a3 Qe8 20.Na5 Ba4 21.Re1 Bb5 22.Qa2 b6
23.Nac6 Bxc6 24.Nxc6 Rf7 25.Nxa7 Ra8 26.Bxb6 Qb8 27.Bxc7 Qxa7 28.Ba5 Nxb4
29.axb4 Bxb4 30.Qxe6 Bxa5 31.Red1 Bb6 32.Rf1 Kg7 33.e5 Raf8 34.Qf5 Qa5 35.Be4 Kh8
36.Rc8 Bd8 37.e6 Qxf5 38.Bxf5 Rc7 39.Rxc7 Bxc7 40.Rd1 Rd8 41.Rc1 Bd6 42.Kg2 Kg7
43.Rb1 Re8 44.Rb7+ Re7 45.Rb6 Be5 46.Ra6 h6 47.Ra4 Rc7 48.h4 Bd6 49.h5 Be7
50.Ra8 Bf8 51.g4 Be7 52.Bg6 Bf8 53.Be8 Bd6 54.Ra6 Be7 55.Bc6 Rc8 56.Kf3 f5
57.gxf5 Kf6 58.Be4 Rc3+ 59.Kg2 Rc4 60.f3 g4 61.Ra8 gxf3+ 62.Kxf3 Rc3+ 63.Ke2 Rh3
64.Rg8 Rxh5 65.Rg6+ Ke5 66.Bd3 Rh2+ 67.Kd1 Bb4 68.Kc1 Ba3+ 69.Kb1 Rb2+ 70.Ka1 Rd2
71.Rg3 Kf4 72.Rh3 Kg4 73.Rxh6  1/2-1/2

[Event "Autoteam"]
[Site "Budapest"]
[Date "1991.??.??"]
[Round "10"]
[White "Teske, Henrik"]
[Black "Sinkovics, Peter"]
[Result "1/2-1/2"]
[WhiteElo "2395"]
[BlackElo "2350"]

1.Nf3 d5 2.c4 e6 3.e3 Nf6 4.Nc3 Be7 5.b3 O-O 6.Bb2 c5 7.cxd5 Nxd5 8.Be2 Nc6
9.O-O Bf6 10.Rc1 b6 11.d4 Nxc3 12.Rxc3 Bb7 13.Rd3 cxd4 14.Nxd4 Nxd4 15.Bxd4 Ba6
16.Bxf6 Qxf6 17.Rd7 Bxe2 18.Qxe2 Rfd8 19.Rc7 Rdc8 20.Rb7 Rcb8 21.Qa6 Qd8
22.g3 Rxb7 23.Qxb7 Qc8 24.Qxc8+ Rxc8 25.Rd1 g6 26.Rd7 a5 27.Rd6 Rb8 28.Kg2 Kf8
29.Rd7 Rc8 30.Rb7 Rc6 31.g4 a4 32.Kf3 Rc2  1/2-1/2

[Event "Cansys IM-A"]
[Site "Budapest"]
[Date "1991.??.??"]
[Round "11"]
[White "Arsovic, Zoran"]
[Black "Budnikov, Alexandar"]
[Result "1/2-1/2"]
[WhiteElo "2330"]
[BlackElo "2440"]

1.Nf3 d5 2.c4 e6 3.g3 Nf6 4.Bg2 Be7 5.O-O O-O 6.b3 a5 7.a3 c6 8.Qc2 Nbd7
9.d4 b5 10.c5 Ne4 11.Nbd2 f5 12.Ne1 Bf6 13.Bb2 Nxd2 14.Qxd2 e5  1/2-1/2

[Event "Cansys IM-A"]
[Site "Budapest"]
[Date "1991.??.??"]
[Round "13"]
[White "Bezold, Michael"]
[Black "Vigh, Bela"]
[Result "1/2-1/2"]
[WhiteElo "2330"]
[BlackElo "2340"]

1.Nf3 d5 2.c4 c6 3.b3 Bf5 4.Bb2 e6 5.d3 Nf6 6.Nbd2 h6 7.g3 Be7 8.Bg2 O-O
9.O-O Nbd7 10.a3 Bh7  1/2-1/2